Vybrané aspekty nepovolenej daňovej optimalizácie

Daňová optimalizácia a jej negatívne prejavy. Daňový podvod. Daňový únik. Daňová trestná činnosť. Výber daní finančnou správou.

Salvato in:
Dettagli Bibliografici
Autore principale: Šoltésová, Erika, 1969-
Altri autori: Zubaľová, Alena, 1959-
Natura: Capitolo di libro
Lingua:slovacco
Soggetti:
Tags: Aggiungi Tag
Nessun Tag, puoi essere il primo ad aggiungerne!!

MARC

LEADER 00000naa a2200000 4500
001 0249951
005 20240502074012.7
041 0 |a slo 
044 |a SK 
245 1 0 |a Vybrané aspekty nepovolenej daňovej optimalizácie  |c Erika Šoltésová, Alena Zubaľová 
520 |a Daňová optimalizácia a jej negatívne prejavy. Daňový podvod. Daňový únik. Daňová trestná činnosť. Výber daní finančnou správou. 
610 2 0 |a optimalizácia daňová 
610 2 0 |a únik daňový 
610 2 0 |a činnosť trestná 
610 2 0 |a podvody daňové 
610 2 0 |a správa daňová 
610 2 0 |a správa finančná 
100 1 |a Šoltésová, Erika, 1969- 
700 1 |a Zubaľová, Alena, 1959-